Quiz géographie forme des pays niveau moyen-difficile - Statistiques

Statistiques générales
  • Ce quiz a été pris 331 fois
  • Le résultat moyen est 12 sur 16
Statistiques - réponses
Par images Réponse % Correct
Italie
100%
Canada
98%
Etats-Unis
98%
France
98%
Australie
97%
Chine
96%
Mexique
95%
Espagne
93%
Japon
93%
Grèce
83%
Monaco
62%
Malaisie
53%
Panama
49%
Singapour
39%
Malte
38%
Emirats Arab Unis
1%
Aucun quiz correspondant
Distribution des résultats
% des personnes avec chaque résultat
Percentile par nombre de réponses
Votre historique - résultats
Vous n’avez pas pris ce quiz